<?xml version="1.0" encoding="UTF-8"?>
<collection xmlns="http://www.loc.gov/MARC21/slim">
 <record>
  <leader>01012nam a22002655i 4500</leader>
  <controlfield tag="001">41959</controlfield>
  <controlfield tag="003">BD-DhAAL</controlfield>
  <controlfield tag="008">231107t2023    ii            000 0 eng d</controlfield>
  <datafield tag="010" ind1=" " ind2=" ">
   <subfield code="a">  2023933117</subfield>
  </datafield>
  <datafield tag="020" ind1=" " ind2=" ">
   <subfield code="a">9780670091850</subfield>
  </datafield>
  <datafield tag="040" ind1=" " ind2=" ">
   <subfield code="a">DLC</subfield>
   <subfield code="b">eng</subfield>
   <subfield code="e">rda</subfield>
   <subfield code="c">DLC</subfield>
   <subfield code="d">BD-DhAAL</subfield>
  </datafield>
  <datafield tag="082" ind1=" " ind2=" ">
   <subfield code="a">954.04</subfield>
   <subfield code="2">23</subfield>
  </datafield>
  <datafield tag="100" ind1="1" ind2=" ">
   <subfield code="a">Chatterji, Joya,</subfield>
   <subfield code="e">author.</subfield>
   <subfield code="9">6066</subfield>
  </datafield>
  <datafield tag="245" ind1="1" ind2="0">
   <subfield code="a">Shadows at Noon :</subfield>
   <subfield code="b">the south asian twentieth century /</subfield>
   <subfield code="c">Joya Chatterji.</subfield>
  </datafield>
  <datafield tag="264" ind1=" " ind2="1">
   <subfield code="a">India :</subfield>
   <subfield code="b">Penguin,</subfield>
   <subfield code="c">c2023.</subfield>
  </datafield>
  <datafield tag="300" ind1=" " ind2=" ">
   <subfield code="a">xxii, 841 pages ;</subfield>
   <subfield code="c">24 cm.</subfield>
  </datafield>
  <datafield tag="526" ind1=" " ind2=" ">
   <subfield code="a">ENH</subfield>
  </datafield>
  <datafield tag="541" ind1=" " ind2=" ">
   <subfield code="a">Book Finder International</subfield>
   <subfield code="e">41959</subfield>
  </datafield>
  <datafield tag="651" ind1=" " ind2=" ">
   <subfield code="a">India</subfield>
   <subfield code="x">History </subfield>
   <subfield code="y">20th century.</subfield>
  </datafield>
  <datafield tag="651" ind1=" " ind2=" ">
   <subfield code="a">Pakistan</subfield>
   <subfield code="x">History</subfield>
   <subfield code="y">20th century.</subfield>
   <subfield code="9">6553</subfield>
  </datafield>
  <datafield tag="651" ind1=" " ind2=" ">
   <subfield code="a">Bangladesh</subfield>
   <subfield code="x">History</subfield>
   <subfield code="y">20th century.</subfield>
  </datafield>
  <datafield tag="852" ind1=" " ind2=" ">
   <subfield code="a">Ayesha Abed Library</subfield>
   <subfield code="c">General Stacks</subfield>
  </datafield>
  <datafield tag="942" ind1=" " ind2=" ">
   <subfield code="2">ddc</subfield>
   <subfield code="c">BK</subfield>
  </datafield>
  <datafield tag="999" ind1=" " ind2=" ">
   <subfield code="c">46117</subfield>
   <subfield code="d">46117</subfield>
  </datafield>
  <datafield tag="952" ind1=" " ind2=" ">
   <subfield code="0">0</subfield>
   <subfield code="1">0</subfield>
   <subfield code="2">ddc</subfield>
   <subfield code="4">0</subfield>
   <subfield code="6">954_040000000000000_CHA</subfield>
   <subfield code="7">0</subfield>
   <subfield code="9">74778</subfield>
   <subfield code="a">BRACUL</subfield>
   <subfield code="b">BRACUL</subfield>
   <subfield code="c">GEN</subfield>
   <subfield code="d">2023-11-07</subfield>
   <subfield code="e">Book Finder International</subfield>
   <subfield code="g">1823.18</subfield>
   <subfield code="l">2</subfield>
   <subfield code="m">60</subfield>
   <subfield code="o">954.04 CHA</subfield>
   <subfield code="p">3010041959</subfield>
   <subfield code="r">2026-01-03</subfield>
   <subfield code="s">2025-06-28</subfield>
   <subfield code="t">1</subfield>
   <subfield code="v">1823.18</subfield>
   <subfield code="w">2023-11-07</subfield>
   <subfield code="y">BK</subfield>
  </datafield>
 </record>
</collection>
